000 00803cam a22002537a 4500
003 CHAP
005 20220329142459.0
008 010605d cu r 00110 spa d
010 _a84079
011 _a85051
035 _a95581
040 _cCHAP
090 _aFolleto 16274
110 2 _aInstituto de Investigaciones de Sanidad Vegetal. Cuba
_959140
245 1 0 _aMemoria anual 1997
_c/por Instituto de Investigaciones de Sanidad Vegetal
260 _aLa Habana :
_bInstituto de Investigaciones de Sanidad Vegetal,
_c1997.
300 _a52 p.
590 _aBATCH-UPD
_b10
_c20130110
_lUCH01
_h1909
590 _aCONVERSION
_b10
_c20130109
_lUCH01
_h1347
650 1 4 _aSanidad vegetal.
_9102224
901 _aBK
942 _cFOLL
949 _aFolleto 16274
_bBC
_cFOLL
_d33724002016884
_eTS1
_i95581
_sb
999 _c84079
_d84079